00441nam a22001577a 450000500170000001000150001702000180003203500140005003700130006408200080007710000240008524500560010926000570016527000410022230000200026320230922111809.0 aENG-138233 c9789350001073 aEN-121765 bDBAD/PUB a884 aS.J. Camille Bulcke aRamakatha And Other Essays/bBy Camille Bulcke S.J. aNew Delhi bMaheshwari Vani Prakashan Pvt.Ltd.c2015 a4695/21-A ,DaryaganjbDelhi e110002 a219pc22cm(hbk)